书目信息 |
| 题名: |
青春军旅行
|
|
| 作者: | 缪劲翔 主编 ;北京高校国防教育协会 组织编写 | |
| 分册: | ||
| 出版信息: | 北京 应急管理出版社 2019.08 |
|
| 页数: | 135页 | |
| 开本: | 26cm | |
| 丛书名: | ||
| 单 册: | ||
| 中图分类: | I247.81 | |
| 科图分类: | ||
| 主题词: | 故事--gu shi--作品集--中国--当代 | |
| 电子资源: | ||
| ISBN: | 978-7-5020-7221-6 | |
| 000 | 01224nam0 2200265 450 | |
| 001 | 011025154607 | |
| 005 | 20221025154607.0 | |
| 010 | @a978-7-5020-7221-6@dCNY35.00 | |
| 099 | @aCAL 012019154989 | |
| 100 | @a20201004d2019 em y0chiy0120 ea | |
| 101 | 0 | @achi |
| 102 | @aCN@b110000 | |
| 105 | @ay z 000yy | |
| 106 | @ar | |
| 200 | 1 | @a青春军旅行@Aqing chun jun lv hang@e北京市优秀在校退役大学生士兵撷英集@f缪劲翔主编@g北京高校国防教育协会组织编写 |
| 210 | @a北京@c应急管理出版社@d2019.08 | |
| 215 | @a135页@d26cm | |
| 330 | @a本书由30篇短文构成,每篇短文记述一位在校大学生投笔从戎的军旅生活。30段经历,向人们展示30段一样又不一样的军旅奋斗史!进军营,他们把青春和热血奉献给祖国的国防事业,各个是尖兵;退伍后,他们重返校园,依旧保持军人本色,品学兼优,独占鳌头。28个故事,30段精彩人生,向有志青年发出应征入伍的邀请函。 | |
| 333 | @a一般读者 | |
| 517 | 1 | @a北京市优秀在校退役大学生士兵撷英集@Abei jing shi you xiu zai jiao tui yi da xue sheng shi bing xie ying ji |
| 606 | 0 | @a故事@Agu shi@x作品集@y中国@z当代 |
| 690 | @aI247.81@v5 | |
| 701 | 0 | @a缪劲翔@Amiao jin xiang@4主编 |
| 712 | 02 | @a北京高校国防教育协会@Abei jing gao jiao guo fang jiao yu xie hui@4组织编写 |
| 905 | @a河南城建学院图书馆@dI247.81@eM753 | |
| 青春军旅行:北京市优秀在校退役大学生士兵撷英集/缪劲翔主编/北京高校国防教育协会组织编写.-北京:应急管理出版社,2019.08 |
| 135页;26cm |
| 使用对象:一般读者 |
| ISBN 978-7-5020-7221-6:CNY35.00 |
| 本书由30篇短文构成,每篇短文记述一位在校大学生投笔从戎的军旅生活。30段经历,向人们展示30段一样又不一样的军旅奋斗史!进军营,他们把青春和热血奉献给祖国的国防事业,各个是尖兵;退伍后,他们重返校园,依旧保持军人本色,品学兼优,独占鳌头。28个故事,30段精彩人生,向有志青年发出应征入伍的邀请函。 |
| ● |
| 相关链接 |
|
|
|
正题名:青春军旅行
索取号:I247.81/M753
 
预约/预借
| 序号 | 登录号 | 条形码 | 馆藏地/架位号 | 状态 | 备注 |
| 1 | 1590926 | 215909266 | 文学库108/108文学库 64排1列1层/ [索取号:I247.81/M753] | 在馆 | |
| 2 | 1590927 | 215909275 | 文学库108/108文学库 64排1列1层/ [索取号:I247.81/M753] | 在馆 |